| 000 | 01306nam a2200385 i 4500 | ||
|---|---|---|---|
| 001 | 25629 | ||
| 003 | KOSZ 005 | ||
| 005 | 20200402141723.0 | ||
| 008 | 990506s1971 pl a f 000 0 pol | ||
| 015 | _aPB 1972/1190 | ||
| 040 |
_aWA N _cWA N _dKOSZ 005/RW |
||
| 046 | _k1955 | ||
| 080 | _a655.1/3 | ||
| 100 | 1 |
_aKafel, Mieczysław _d(1912-1971). _eAutor |
|
| 245 | 1 | 0 |
_aZarys techniki wydawniczej / _cMieczysław Kafel. |
| 250 | _aWydanie 2 przerobione. | ||
| 260 |
_aWarszawa : _bWydawnictwa Naukowo-Techniczne, _c1971. |
||
| 300 |
_a571, [1] stron, [12] stron tablic : _bilustracje ; _c23 cm. |
||
| 336 |
_aTekst _btxt _2rdacontent |
||
| 337 |
_aBez urządzenia pośredniczącego _bn _2rdamedia |
||
| 338 |
_aWolumin _bnc _2rdacarrier |
||
| 380 | _aKsiążki | ||
| 380 | _aPublikacje fachowe | ||
| 388 | _a1901-2000 | ||
| 504 | _aBibliografia na stronach 566-[572]. | ||
| 658 | _aInżynieria i technika | ||
| 658 | _aBibliotekarstwo, archiwistyka, muzealnictwo | ||
| 650 | 4 | _aTechnika | |
| 650 | 4 | _aMetody | |
| 650 | 4 | _aDrukarstwo | |
| 650 | 4 | _aEdytorstwo | |
| 710 | 2 |
_aWydawnictwa Naukowo-Techniczne _4pbl. |
|
| 856 |
_uhttp://koha.tu.koszalin.pl/cgi-bin/koha/opac-detail.pl?biblionumber=25629 _yKatalog online BPK |
||
| 942 |
_2UKD _cKS |
||
| 999 |
_c25629 _d25629 |
||